| 000 | 00453cam a2200169ua 4500 | ||
|---|---|---|---|
| 020 | _c1195.00 | ||
| 041 |
_aeng _h |
||
| 082 |
_a551.492 _bNAT/PE |
||
| 100 | _aRoy, Upendra Nath . | ||
| 245 |
_aPeoples participation in watershed management / _cUpendra Nath Roy. _hTextual Documents |
||
| 260 |
_aNew delhi : _bKanishka Publishers , _c2005. |
||
| 300 | _a550 ; . | ||
| 365 | _a1195.00 | ||
| 504 | _a | ||
| 942 | _cBK | ||
| 999 |
_c13193 _d13193 |
||